000 01221cam a22003377a 4500
003 CHAP
005 20220329135626.0
008 971013s1971 r 00010 d
010 _a39534
011 _a40506
035 _a44632
040 _cCHAP
090 _aTesis
100 0 0 _aMontes Cavazos, Fermín.
_977852
245 0 _aPrueba comparativa de adaptación y rendimiento de ocho variedades de col (Brassica oleracea var. capitata L.) en la región de General Terán, N.L.) en la región de General Terán, N.L.
260 _aMonterrey, N.L. :
_bEl autor,
_c1971
300 _a68 h.
_b; gráfs
502 _aTesis (Ing. Agrónomo) -- Univ. de Nuevo León. Fac. de Agronomía
590 _aALEPH
_b10
_c20130110
_lUCH01
_h1307
590 _aBATCH-UPD
_b10
_c20130110
_lUCH01
_h0023
590 _aBATCH-UPD
_b10
_c20130110
_lUCH01
_h2208
590 _aBATCH-UPD
_b10
_c20130409
_lUCH01
_h2004
590 _aBATCH-UPD
_b10
_c20130914
_lUCH01
_h1000
590 _aCONVERSION
_b10
_c20130109
_lUCH01
_h1322
650 1 4 _aCol
_xEfecto del medio ambiente.
_924484
650 1 4 _aCol
_xRendimiento.
_924497
650 1 4 _aCol
_xVariedades.
_924501
901 _aBK
942 _cTESIS
949 _bBC
_cTES
_d-102280
_eTS1
_i44632
_si
999 _c39534
_d39534